The films of Buddhadeb Dasgupta / (Record no. 61345)
[ view plain ]
| 000 -LEADER | |
|---|---|
| fixed length control field | 01698nam a22002777a 4500 |
| 005 - DATE AND TIME OF LATEST TRANSACTION | |
| control field | 20120123110227.0 |
| 010 ## - LCCN (DPL NO) | |
| LC control number | B-445717-721 |
| 020 ## - INTERNATIONAL STANDARD BOOK NUMBER | |
| International Standard Book Number | 9788125028024 |
| Terms of availability | 325.00 |
| 020 ## - INTERNATIONAL STANDARD BOOK NUMBER | |
| International Standard Book Number | 8125028021 |
| Terms of availability | 325.00 |
| 035 ## - SYSTEM CONTROL NUMBER | |
| System control number | B-445717-721 |
| 037 ## - SOURCE OF ACQUISITION | |
| Stock number | dpl |
| Source of stock number/acquisition | Allied Pub/Ven |
| 082 ## - DEWEY DECIMAL CLASSIFICATION NUMBER | |
| Classification number | 791.430233092 |
| 100 ## - MAIN ENTRY--PERSONAL NAME | |
| Personal name | Hood, John W. |
| 245 ## - TITLE STATEMENT | |
| Title | The films of Buddhadeb Dasgupta / |
| Statement of responsibility, etc | by John W.Hood |
| 260 ## - PUBLICATION, DISTRIBUTION, ETC. (IMPRINT) | |
| Place of publication, distribution, etc | Hyderabad |
| Name of publisher, distributor, etc | Orient Longman |
| Date of publication, distribution, etc | 2005 |
| 270 ## - ADDRESS | |
| Address | 3-6-752 Himayatnagar |
| City | Hyderabad |
| Postal code | 500029 (A.P.) India |
| 300 ## - PHYSICAL DESCRIPTION | |
| Extent | viii,223p. |
| Dimensions | 21cm(pbk) |
| 490 ## - SERIES STATEMENT | |
| Series statement | Film Studies |
| -- | 41248 |
| 942 ## - ADDED ENTRY ELEMENTS (KOHA) | |
| Source of classification or shelving scheme | Dewey Decimal Classification |
| Item type | English Books |
| Call number suffix | HOO |
| Classification part | 791.430233092 |
| Withdrawn status | Lost status | Not for loan | Collection code | Home library | Current library | Date acquired | Source of acquisition | Cost, normal purchase price | Full call number | Barcode | Copy number | Cost, replacement price | Koha item type |
|---|---|---|---|---|---|---|---|---|---|---|---|---|---|
| Non-fiction | Central Library | Central Library | 08/02/2012 | Allied Pub/1143/26.09.11/04/15.9.2011/09.11.2011 | 325.00 | 791.430233092 HOO | b-445717 | 1 | 325.00 | English Books | |||
| Non-fiction | Karol Bagh | Karol Bagh | 08/02/2012 | Allied Pub/1143/26.09.11/04/15.9.2011/09.11.2011 | 325.00 | 791.430233092 HOO | b-445720 | 1 | 325.00 | English Books | |||
| Non-fiction | Patel Nagar | Patel Nagar | 08/02/2012 | Allied Pub/1143/26.09.11/04/15.9.2011/09.11.2011 | 325.00 | 791.430233092 HOO | b-445718 | 1 | 325.00 | English Books | |||
| Non-fiction | Sarojini Nagar | Sarojini Nagar | 08/02/2012 | Allied Pub/1143/26.09.11/04/15.9.2011/09.11.2011 | 325.00 | 791.430233092 HOO | b-445719 | 1 | 325.00 | English Books | |||
| Written-off vide DLB M. No. 383 dt 16.05.19 | Non-fiction | Shahdara Branch | Shahdara Branch | 08/02/2012 | Allied Pub/1143/26.09.11/04/15.9.2011/09.11.2011 | 325.00 | 791.430233092 HOO | b-445721 | 1 | 325.00 | English Books |
